Zaznacz Miasta Europejskie - Statystyki

Ogólne statystyki
  • Ten quiz został rozwiązany 38 razy
  • Średni wynik to 10 z 18
Answers on the Grid
Answers color-coded by a green-red scale on the quiz's grid according to % correct below.
Almería
Arica
Birmingham
Brno
Brugia
Ceuta
Dijon
Egipt (wieś)
Essen
Indianapolis
Innsbruck
Kapsztad
Katmandu
Kinszasa
Kowno
Manchester
Mostar
Oregon
Petersburg
Prisztina
Rabat
Saloniki
Sao Paulo
Sztokholm
Trondheim
Ułan Bator
Vancouver
Wellington
Władywostok
Zadar
 
Statystyki odpowiedzi
Odpowiedź % Poprawnych
Petersburg
79%
Sztokholm
79%
Birmingham
71%
Brno
71%
Manchester
71%
Prisztina
71%
Brugia
64%
Essen
64%
Innsbruck
64%
Saloniki
64%
Kowno
57%
Almería
43%
Dijon
36%
Trondheim
36%
Zadar
36%
Egipt (wieś)
29%
Mostar
21%
Ceuta
7%
Nie znaleziono quizów pasujących do podanych kryteriów
Rozkład punktacji
Procent ludzi z każdym wynikiem
Percentyl według liczby udzielonych odpowiedzi
Twoja historia wyników
Nie rozwiązałeś tego quizu